Energetické produkčné funkcie a substitúcia.

Možnosti využitia energetických produkčných funkcií R. Kümmela. Výsledky dosiahnuté pomocou uvedených funkcií pri výpočte elasticít produkcie k výrobným faktorom práce, kapitálu a energií a výpočet marginálnych elasticít. Výsledky zo SRN a USA. Potreba modifikácie okrajových podmienok príslušných fu...

Ausführliche Beschreibung

Gespeichert in:
Bibliographische Detailangaben
1. Verfasser: Sojka, Jozef
Format: Buchkapitel
Sprache:Slowakisch
Schlagworte:
Tags: Tag hinzufügen
Keine Tags, Fügen Sie das erste Tag hinzu!

MARC

LEADER 00000naa a2200000 4500
001 r002189
005 20230116100422.3
041 0 |a slo 
044 |a SK 
245 1 0 |a Energetické produkčné funkcie a substitúcia.  |c Jozef Sojka 
520 |a Možnosti využitia energetických produkčných funkcií R. Kümmela. Výsledky dosiahnuté pomocou uvedených funkcií pri výpočte elasticít produkcie k výrobným faktorom práce, kapitálu a energií a výpočet marginálnych elasticít. Výsledky zo SRN a USA. Potreba modifikácie okrajových podmienok príslušných funkcií pre ekonomiku Slovenska. 
610 2 0 |a funkcie produkčné 
610 2 0 |a energetika 
610 2 0 |a substitúcia 
610 2 0 |a Kümmel, R. 
610 2 0 |a Nemecko 
610 2 0 |a USA 
610 2 0 |a Slovensko 
610 2 0 |a faktory výrobné 
100 1 |a Sojka, Jozef